000
00217nam a2200085Ia 4500
245
0
_a
Foggy Moggy Inn
100
_a
RAYNER, Shoo London, 2004
_9
102966
942
_c
BK
008
210818s9999 xx 000 0 und d
999
_c
450228
_d
450227